Nové tlačové technológie - pre náročných klientov Slovenská Grafia, a.s.: Napĺňanie plánu modernizácie výrobných kapacít

Bibliographic Details
Main Author: Kosík, Peter (Author)
Format: Article
Language:Slovak
PhysicalDescription:Fotogr.
ISSN:1336-281X
Subjects:

MARC

LEADER 00000nab a2200000 a 4500
001 vtls008872864
003 SK-MaSNL
005 20260426083457.0
008 250505c2006 xo |||||||||||000 b|slo
015 |a SNBRB2006/11  |2 snkbucl 
035 |a urn:nbn:sk:snk-ab82of 
035 |a (urnnbn)urn:nbn:sk:snk:ar-00656c 
035 |a (uuid)bc60b6f2-7601-4220-bf22-a8ae246092bd 
038 |a SNKBUCL 
040 |a SNKBUCL  |b slo  |c SNKBUCL  |e AACR2 
041 0 |a slo 
044 |a xo  |c SK 
080 |a 655.15:681.62  |x (437.6)  |2 2001 
080 |a 681.62  |2 2001 
100 1 |a Kosík, Peter  |4 aut  |9 300438 
245 1 0 |a Nové tlačové technológie - pre náročných klientov  |b Slovenská Grafia, a.s.: Napĺňanie plánu modernizácie výrobných kapacít  |c Peter Kosík 
300 |b Fotogr. 
610 2 7 |a Slovenská Grafia (Bratislava, Slovensko)  |2 snkbucl  |9 146415 
650 0 7 |a tlačové stroje  |2 snkbucl  |9 51343 
650 0 7 |a tlačiarenská technika  |2 snkbucl  |9 355643 
651 7 |a Bratislava (Slovensko)  |2 snkbucl  |9 14568 
773 0 |t Papier a polygrafia  |g Roč. IV, č. 3 (2006), s. 4-5  |x 1336-281X 
850 |a Slovenská národná knižnica 
852 |a Slovenská národná knižnica 
954 |a odborná, vedecká literatúra pôvodná (slovenská)  |2 lita 
958 |a article9 
958 |a OND 
958 |a SK 
958 |a EUIPO 
999 |c 2905366  |d 2907296